| 000 | 00573 a2200181 4500 | ||
|---|---|---|---|
| 020 | _a0074715585 (paperback) | ||
| 020 | _a9780074715581 (paperback) | ||
| 090 |
_c4960 _d4960 |
||
| 100 | 1 | _aJanasz, Suzanne De. | |
| 245 | 1 | 0 |
_aInterpersonal skills in organisations / _cSuzanne De Janasz, Wood, Got. |
| 260 |
_a[S.l.] : _bMcGraw-Hill Education, _c2006. |
||
| 300 |
_a499 p. ; _c26 cm. |
||
| 500 | _aImport. | ||
| 700 | 1 | _aWood. | |
| 700 | 1 | _aGot. | |
| 856 | 4 | 0 |
_3Amazon.com _uhttp://www.amazon.com/exec/obidos/ASIN/0074715585/chopaconline-20 |
| 942 |
_aNBS _cBK _k158.7 JAN |
||
| 999 |
_c347388 _d347388 |
||